Euro 2020: Liste 26 - Pays-Bas - Statistiques

Statistiques générales
  • Ce quiz a été pris 108 fois
  • Le résultat moyen est 14 sur 27
Statistiques - réponses
Poste Club Joueur % Correct
M FC Barcelone Frenkie de Jong
96%
A FC Séville Luuk de Jong
96%
A Lyon Memphis Depay
95%
D Juventus Turin Matthijs de Ligt
87%
M Liverpool FC Georginio Wijnaldum
79%
G Valence CF Jasper Cillessen
78%
D Manchester City Nathan Aké
71%
D Ajax Amsterdam Daley Blind
66%
M Manchester United Donny van de Beek
66%
D Inter Milan Stefan de Vrij
66%
G Norwich Tim Krul
54%
D PSV Eindhoven Denzel Dumfries
52%
M Atalanta Bergame Marten de Roon
52%
A WfL Wolfsburg Wout Weghorst
52%
A Spartak Moscou Quincy Promes
46%
G Ajax Amsterdam Maarten Stekelenburg
39%
A Feyenoord Rotterdam Steven Berghuis
36%
A PSV Eindhoven Cody Gakpo
35%
D Ajax Amsterdam Jurriën Timber
33%
M Ajax Amsterdam Davy Klaassen
32%
M Ajax Amsterdam Ryan Gravenberch
31%
M AZ Alkmaar Teun Koopmeiners
27%
D Brighton Joël Veltman
26%
D Crystal Palace Patrick van Aanholt
24%
A PSV Eindhoven Donyell Malen
21%
D AZ Alkmaar Owen Wijndal
20%
S / Frank de Boer
14%
Aucun quiz correspondant
Distribution des résultats
% des personnes avec chaque résultat
Percentile par nombre de réponses
Votre historique - résultats
Vous n’avez pas pris ce quiz